00422nam a2200109Ia 4500008004100000041000800041082001700049100001400066245018500080260002800265300001900293241028s9999 xx 000 0 und d aeng a624.0687 RUG aRugiero S aDigital Transitions And Innovation In Construction Value Chains: Industrial Relations And Equitable Socio-Technical Change Industrial Relations And Equitable Socio-Technical Change bEdward ElgaraUSAc2023 a207;. P. 22 cm